Т. 3: Химическое равновесие и кинетика. Растворы. Электрохимия. Аналитическая и техническая химия; Справочник химика

Detaylı Bibliyografya
Parent link:Справочник химика/ под ред. Б. П. Никольского. Т. 3: Химическое равновесие и кинетика. Растворы. Электрохимия. Аналитическая и техническая химия.— , 1951-1952
Dil:Rusça
Baskı/Yayın Bilgisi: 1952
Konular:
Materyal Türü: Kitap
KOHA link:https://koha.lib.tpu.ru/cgi-bin/koha/opac-detail.pl?biblionumber=184063

MARC

LEADER 00000nam2a2200000 4500
001 184063
005 20231101223821.0
035 |a (RuTPU)RU\TPU\book\199541 
090 |a 184063 
100 |a 20100826d1952 km y0rusy50 ca 
101 0 |a rus 
102 |a RU 
105 |a a g 001zy 
200 0 |a Т. 3: Химическое равновесие и кинетика. Растворы. Электрохимия. Аналитическая и техническая химия 
210 |d 1952 
215 |a 1191 с.  |c ил. 
320 |a Библиогр.: с. 1178-1191. 
461 1 |0 (RuTPU)RU\TPU\book\164465  |t Справочник химика  |f под ред. Б. П. Никольского  |v Т. 3: Химическое равновесие и кинетика. Растворы. Электрохимия. Аналитическая и техническая химия  |d 1951-1952 
606 1 |a Химия  |2 stltpush  |3 (RuTPU)RU\TPU\subj\17362  |9 43035 
606 1 |a Физическая химия  |2 stltpush  |3 (RuTPU)RU\TPU\subj\67669  |9 83390 
610 1 |a справочники 
610 1 |a кинетика 
610 1 |a растворы 
610 1 |a равновесие 
610 1 |a жидкие растворы 
610 1 |a электропроводность 
610 1 |a электродные процессы 
610 1 |a аналитическая химия 
610 1 |a техническая химия 
610 1 |a топливо 
610 1 |a керамика 
610 1 |a стекло 
610 1 |a аппараты 
610 1 |a процессы 
610 1 |a пластические материалы 
675 |a 54(035)  |v 3 
675 |a 544(035)  |v 3 
801 1 |a RU  |b 63413507  |c 20100826 
801 2 |a RU  |b 63413507  |c 20140129  |g RCR 
942 |c BK